[Event "ch-FRA Blitz Online Qual"]
[Site "Europe-Chess INT"]
[Date "2020.05.16"]
[Round "2"]
[White "Sobry, Sebastien"]
[Black "Nezosi, Constantin"]
[Result "1-0"]
[WhiteElo "2034"]
[BlackElo "1458"]
[WhiteFideId "622516"]
[BlackFideId "36066974"]
[EventDate "2020.05.16"]

1. e4 d6 2. d4 Nf6 3. Nc3 g6 4. f3 Bg7 5. Be3 Nc6 6. Qd2 e5 7. d5 Nb8 8. O-O-O
b6 9. g4 a5 10. h4 a4 11. h5 Bd7 12. hxg6 fxg6 13. Bg5 Na6 14. a3 Nc5 15. Bb5
Ra5 16. Bxd7+ Ncxd7 17. Nge2 b5 18. f4 Qb8 19. Bxf6 Nxf6 20. g5 Nh5 21. f5 b4
22. axb4 a3 23. bxa3 Rxa3 24. Nb1 Ra1 25. f6 Qa7 26. Qc3 Qa2 27. Kd2 Bf8 28. Qb3
Qxb3 29. cxb3 Ra2+ 30. Ke1 Rb2 31. Nd2 Ra2 32. Kf2 Ra7 33. Ra1 Rb7 34. Ra4 Kf7
35. Nc4 h6 36. Na5 Rb6 37. gxh6 Bxh6 38. Rc1 Rc8 39. Rc6 Rxc6 40. Nxc6 Nf4 41.
Nxf4 Bxf4 42. b5 g5 43. Ra7 g4 44. b6 g3+ 45. Kf3 Rh8 46. Rxc7+ Kg6 47. Rg7+ Kh5
48. Rxg3 Bxg3 49. Kxg3 Kg6 50. b7 Kxf6 51. b8=Q Rxb8 52. Nxb8 Ke7 53. Kg4 Kd8
54. Kf5 Kc7 55. Nc6 Kb6 56. Ke6 Kc5 57. b4+ Kb5 58. Kxd6 Kc4 59. Kxe5 1-0

[Event "ch-FRA Blitz Online Qual"]
[Site "Europe-Chess INT"]
[Date "2020.05.16"]
[Round "2"]
[White "Oumer, Walid"]
[Black "Kuhn, Clement"]
[Result "0-1"]
[BlackTitle "CM"]
[WhiteElo "1365"]
[BlackElo "2150"]
[WhiteFideId "551016630"]
[BlackFideId "36099775"]
[EventDate "2020.05.16"]

1. e4 c5 2. Nf3 Nc6 3. d4 cxd4 4. Nxd4 e5 5. Nb5 d6 6. N1c3 a6 7. Na3 b5 8. Nd5
Nge7 9. c3 Nxd5 10. exd5 Ne7 11. Be2 g6 12. O-O Bg7 13. Re1 O-O 14. f4 e4 15.
Qc2 f5 16. c4 bxc4 17. Bxc4 Bb7 18. Rd1 Qb6+ 19. Kh1 Rac8 20. Qe2 Kh8 21. Rb1
Rc7 22. b4 Rcc8 23. Be3 Qc7 24. g3 Qb8 25. b5 a5 26. b6 Qa8 27. Nb5 Nxd5 28.
Bxd5 Bxd5 29. Nc7 Rxc7 30. bxc7 Rc8 31. Rb8 Rxb8 32. cxb8=Q+ Qxb8 33. Rxd5 Qb1+
34. Bg1 e3 35. Qxe3 h6 36. Rxd6 Qb7+ 0-1

[Event "ch-FRA Blitz Online Qual"]
[Site "Europe-Chess INT"]
[Date "2020.05.16"]
[Round "2"]
[White "Emmenecker, Pierre-Antoine"]
[Black "Falip Morales, Tom"]
[Result "0-1"]
[WhiteElo "2172"]
[BlackElo "1344"]
[WhiteFideId "36031321"]
[BlackFideId "45181764"]
[EventDate "2020.05.16"]

1. e4 e6 2. d4 d5 3. exd5 exd5 4. Nf3 Bd6 5. Bd3 Ne7 6. O-O O-O 7. Re1 Bf5 8.
Nc3 c6 9. Bg5 f6 10. Bh4 Bxd3 11. Qxd3 Ng6 12. Bg3 Bxg3 13. hxg3 Nd7 14. a4 Qc7
15. a5 Rae8 16. b4 a6 17. Na4 Qd8 18. c3 Rxe1+ 19. Rxe1 Re8 20. Re3 Rxe3 21.
Qxe3 Qe7 22. Qxe7 Nxe7 23. Ne1 Nc8 24. Nd3 Nd6 25. Ndc5 Nxc5 26. Nxc5 Kf7 27.
Kf1 Ke7 28. Ke2 Nb5 29. Nxb7 Nxc3+ 30. Kd3 Na2 31. Nc5 Nxb4+ 32. Kc3 Na2+ 33.
Kb3 Nc1+ 34. Kc2 Ne2 35. Nb3 Kd6 36. Kd3 Ng1 37. Nc5 g5 38. Nxa6 h5 39. Nc5 Kc7
40. Ke3 h4 41. gxh4 gxh4 42. f4 h3 43. gxh3 Nxh3 44. Kf3 Ng1+ 45. Kf2 Nh3+ 46.
Kg3 Ng1 47. Kg4 Ne2 48. Ne6+ Kb7 49. Kf5 Ka6 50. Kxf6 c5 51. dxc5 d4 0-1

[Event "ch-FRA Blitz Online Qual"]
[Site "Europe-Chess INT"]
[Date "2020.05.16"]
[Round "2"]
[White "Lauron, Wesley"]
[Black "Gimenez, Adrien"]
[Result "1-0"]
[WhiteElo "1878"]
[BlackElo "1591"]
[WhiteFideId "36012769"]
[BlackFideId "36069094"]
[EventDate "2020.05.16"]

1. e4 d6 2. d4 Nf6 3. Nc3 g6 4. Be3 Bg7 5. f3 Nbd7 6. Qd2 e5 7. d5 O-O 8. g4 Qe7
9. O-O-O a6 10. h4 b5 11. Bh6 b4 12. Nb1 a5 13. h5 Nb6 14. Bxg7 Kxg7 15. hxg6
fxg6 16. Qh6+ Kg8 17. Ne2 Ba6 18. Ng3 Bxf1 19. Rdxf1 Qg7 20. Qg5 Rf7 21. Rh6 Kf8
22. Rfh1 Nbd7 23. Nd2 Nc5 24. Ndf1 a4 25. Ne3 b3 26. a3 bxc2 27. Qh4 Nh5 28.
Ngf5 Rxf5 29. Nxf5 gxf5 30. Qxh5 fxe4 31. Rxh7 Qf6 32. Rh8+ Ke7 33. Qh7+ Qf7 34.
Qxf7+ Kxf7 35. Rxa8 exf3 36. Rc8 e4 37. Rxc7+ Kf6 38. Kxc2 e3 39. Rxc5 dxc5 40.
Kd3 c4+ 41. Kxe3 1-0

[Event "ch-FRA Blitz Online Qual"]
[Site "Europe-Chess INT"]
[Date "2020.05.16"]
[Round "2"]
[White "Ngomane, Max"]
[Black "Emmenecker, Philippe"]
[Result "0-1"]
[WhiteElo "1278"]
[BlackElo "2100"]
[WhiteFideId "651049791"]
[BlackFideId "616273"]
[EventDate "2020.05.16"]

1. d4 Nf6 2. c4 g6 3. Nc3 Bg7 4. Nf3 d6 5. Bg5 O-O 6. Rc1 h6 7. Bh4 Nbd7 8. e3
c5 9. Be2 b6 10. O-O Bb7 11. d5 a6 12. a4 g5 13. Bg3 Nh5 14. Nxg5 Nxg3 15. fxg3
hxg5 16. Bd3 Ne5 17. Bb1 g4 18. b3 Bh6 19. Rf5 Bc8 20. Rxe5 dxe5 21. Qd3 f5 22.
Rf1 Qd6 23. e4 f4 24. gxf4 Rxf4 0-1

[Event "ch-FRA Blitz Online Qual"]
[Site "Europe-Chess INT"]
[Date "2020.05.16"]
[Round "2"]
[White "Linnemer, Laurent"]
[Black "Ciarletta, Iris"]
[Result "0-1"]
[WhiteElo "2163"]
[BlackElo "1493"]
[WhiteFideId "651095"]
[BlackFideId "45133263"]
[EventDate "2020.05.16"]

1. e4 c5 2. d4 cxd4 3. c3 dxc3 4. Nxc3 g6 5. Nf3 Bg7 6. Bc4 Nc6 7. e5 e6 8. Bf4
Nge7 9. O-O O-O 10. Qe2 Nf5 11. Rad1 Nh4 12. Ng5 h6 13. Nh3 Nf5 14. g4 Nfe7 15.
Qe3 g5 16. Bg3 Ng6 17. f4 gxf4 18. Bxf4 Qh4 19. Nf2 Nxf4 20. Qxf4 Bxe5 21. Qxe5
Nxe5 22. Be2 Kh8 23. Nce4 f5 24. Ng3 f4 25. Nge4 f3 26. Bd3 Nxd3 27. Rxd3 d5 28.
Ng3 Qf6 29. Re1 Qxb2 30. Nh5 e5 31. Rxd5 Bxg4 32. Ng3 Rae8 33. Rd6 Be6 0-1

[Event "ch-FRA Blitz Online Qual"]
[Site "Europe-Chess INT"]
[Date "2020.05.16"]
[Round "2"]
[White "Verspecht, Thierry"]
[Black "Batout, Ethan"]
[Result "1-0"]
[WhiteElo "2033"]
[BlackElo "1267"]
[WhiteFideId "202010"]
[BlackFideId "551081806"]
[EventDate "2020.05.16"]

1. e4 c5 2. Nf3 Nc6 3. Bb5 g6 4. Bxc6 dxc6 5. O-O Bg7 6. d3 Nf6 7. Nc3 Nd7 8. h3
e5 9. Be3 f6 10. Qd2 O-O 11. Na4 b6 12. a3 Re8 13. b4 cxb4 14. axb4 Nf8 15. Nxb6
Rb8 16. Nxc8 Qxc8 17. Rxa7 Ne6 18. Rfa1 Bf8 19. c3 Bg7 20. Bh6 Rd8 21. Bxg7 Nxg7
22. Qh6 Rd7 23. d4 Qe8 24. dxe5 fxe5 25. Ng5 Ne6 26. Nxh7 1-0

[Event "ch-FRA Blitz Online Qual"]
[Site "Europe-Chess INT"]
[Date "2020.05.16"]
[Round "2"]
[White "Courjal, Juliette"]
[Black "Poulet, Benoit"]
[Result "0-1"]
[WhiteElo "1388"]
[BlackElo "2094"]
[WhiteFideId "45147833"]
[BlackFideId "26085844"]
[EventDate "2020.05.16"]

1. e4 c5 2. Nc3 Nc6 3. g3 g6 4. Bg2 Bg7 5. d3 e6 6. f4 Nge7 7. Nf3 d6 8. O-O O-O
9. Bd2 Rb8 10. Ne2 b5 11. Qc1 Bb7 12. Nh4 Nd4 13. Rf2 Nec6 14. f5 exf5 15. exf5
Nxe2+ 16. Rxe2 Nd4 17. Rf2 Bxg2 18. Kxg2 Be5 19. f6 Bxf6 20. Bh6 Bg7 21. c3 Ne6
22. Qd2 f5 23. Re1 Qd7 24. Rfe2 Rbe8 25. Re3 Bxh6 26. Qe2 Qc6+ 27. Kg1 Nd4 28.
cxd4 Bxe3+ 29. Kf1 Qh1# 0-1

[Event "ch-FRA Blitz Online Qual"]
[Site "Europe-Chess INT"]
[Date "2020.05.16"]
[Round "2"]
[White "Calvo, Dylan"]
[Black "Varin, Timeo"]
[Result "1-0"]
[WhiteElo "2018"]
[BlackElo "1287"]
[WhiteFideId "36019410"]
[BlackFideId "45117527"]
[EventDate "2020.05.16"]

1. d4 d5 2. Nf3 Nf6 3. c4 e6 4. Nc3 Nbd7 5. Bg5 Be7 6. e3 O-O 7. Rc1 c6 8. Qc2
h6 9. Bh4 Bd6 10. Bd3 dxc4 11. Bxc4 b5 12. Be2 a6 13. O-O c5 14. Rfd1 Bb7 15.
dxc5 Bxc5 16. Bxf6 gxf6 17. Ne4 Bb6 18. Rxd7 Qxd7 19. Nxf6+ 1-0

[Event "ch-FRA Blitz Online Qual"]
[Site "Europe-Chess INT"]
[Date "2020.05.16"]
[Round "2"]
[White "Launay, Maxence"]
[Black "Jouneau, Quentin"]
[Result "0-1"]
[WhiteElo "1084"]
[BlackElo "2018"]
[WhiteFideId "551013231"]
[BlackFideId "649716"]
[EventDate "2020.05.16"]

1. d4 Nf6 2. c4 g6 3. Nc3 Bg7 4. Bf4 d6 5. Nf3 O-O 6. e3 Nbd7 7. Be2 c6 8. O-O
Nh5 9. Bg3 Nxg3 10. fxg3 e5 11. dxe5 Nxe5 12. Nxe5 dxe5 13. Bf3 Qb6 14. Qe2 Be6
15. Rac1 Bh6 16. Rfe1 Rad8 17. b3 Rd7 18. Rc2 Rfd8 19. Ne4 Kg7 20. h3 f5 21. Nc3
e4 22. Bxe4 fxe4 23. Nxe4 Bf5 24. Qf3 Re8 25. c5 Qb4 26. Rf1 Qxe4 27. Rcf2 Qxf3
28. Rxf3 Rxe3 29. g4 Rxf3 30. Rxf3 Be4 31. Rf2 Be3 32. Kf1 Bxf2 33. Kxf2 Rd2+
34. Ke3 Rxg2 35. Kxe4 Rxa2 36. Kd4 Rh2 37. h4 Rxh4 38. Kc3 Rxg4 39. b4 h5 40.
Kb3 h4 41. Ka4 h3 42. Ka5 h2 43. b5 cxb5 44. Kxb5 Rg5 45. Kc4 Rxc5+ 46. Kxc5
h1=Q 47. Kd6 Qd1+ 48. Kc7 g5 49. Kb8 g4 50. Ka8 g3 51. Kb8 g2 52. Ka8 Qc2 53.
Kb8 g1=Q 54. Ka8 Qc8# 0-1

[Event "ch-FRA Blitz Online Qual"]
[Site "Europe-Chess INT"]
[Date "2020.05.16"]
[Round "2"]
[White "Van Hoolandt, Patrick"]
[Black "Boumrar, Ayrad"]
[Result "1/2-1/2"]
[WhiteTitle "FM"]
[WhiteElo "2063"]
[BlackElo "1431"]
[WhiteFideId "200999"]
[BlackFideId "45182310"]
[EventDate "2020.05.16"]

1. d4 Nf6 2. c4 e6 3. Nf3 Be7 4. Nc3 d5 5. Bg5 O-O 6. Qc2 h6 7. Bh4 Ne4 8. Bxe7
Qxe7 9. Nxe4 dxe4 10. Qxe4 Qb4+ 11. Nd2 Qxb2 12. Rb1 Qxa2 13. e3 Nc6 14. Bd3 f5
15. Qf3 a5 16. Qd1 Nb4 17. Be2 Nc2+ 18. Kf1 f4 19. Rc1 Nb4 20. Ra1 Qc2 21. e4
Qxd1+ 22. Rxd1 a4 23. Ra1 Bd7 24. f3 Nc2 25. Ra2 Nxd4 26. Bd3 e5 27. Kf2 c5 28.
Rb1 Bc6 29. Rb6 Rfd8 30. Ke1 Nxf3+ 31. Nxf3 Rxd3 32. Nxe5 Re3+ 33. Kf2 Rxe4 34.
Nxc6 bxc6 35. Rxc6 Rxc4 36. Rc7 a3 37. h4 Rc1 38. Kf3 Rc3+ 39. Kxf4 Rb8 40. Ra7
Rbb3 41. g4 Rb4+ 42. Kf5 Rf3+ 43. Ke6 Rf6+ 44. Kd5 Rf3 45. Kxc5 Rbb3 46. Kc4
Rbe3 47. g5 hxg5 48. hxg5 Rg3 49. Ra5 Re4+ 50. Kd5 Reg4 51. Ra8+ Kh7 52. R2xa3
Rxg5+ 53. Ke6 Rxa3 54. Rxa3 Kg6 55. Ra6 Rg4 56. Ke5+ Kg5 57. Ra5 g6 58. Ra8 Kh4
59. Rh8+ Kg3 60. Rg8 g5 61. Rg6 Kg2 62. Kf5 Rg3 63. Rxg5 Rxg5+ 64. Kxg5 1/2-1/2

[Event "ch-FRA Blitz Online Qual"]
[Site "Europe-Chess INT"]
[Date "2020.05.16"]
[Round "2"]
[White "Brunet-Moret, Leopold"]
[Black "Bailly, Thierry"]
[Result "0-1"]
[WhiteElo "1109"]
[BlackElo "1989"]
[WhiteFideId "551078201"]
[BlackFideId "26051680"]
[EventDate "2020.05.16"]

1. d4 Nf6 2. Bg5 e6 3. e4 h6 4. Bxf6 Qxf6 5. e5 Qg6 6. Nf3 Nc6 7. g3 b6 8. Nh4
Qh7 9. Bg2 Bb7 10. Nc3 Bb4 11. O-O g5 12. b3 Bxc3 13. Be4 0-1

[Event "ch-FRA Blitz Online Qual"]
[Site "Europe-Chess INT"]
[Date "2020.05.16"]
[Round "2"]
[White "Lequang, Enzo"]
[Black "Hue, Victor"]
[Result "0-1"]
[WhiteElo "1068"]
[BlackElo "2038"]
[WhiteFideId "551052911"]
[BlackFideId "26045710"]
[EventDate "2020.05.16"]

1. e4 e5 2. Nf3 Nc6 3. Bc4 Bc5 4. c3 Nf6 5. d3 O-O 6. b4 Bb6 7. O-O d6 8. Nbd2
a6 9. Re1 Be6 10. Bb3 Qd7 11. Nf1 Kh8 12. Ng3 Ne7 13. Be3 Ng6 14. Bxb6 cxb6 15.
Qe2 Rac8 16. Rac1 Rc7 17. Qd2 Rfc8 18. d4 Bxb3 19. axb3 Qe6 20. d5 Qd7 21. c4
Nf4 22. Red1 Qg4 23. h3 Nxh3+ 24. gxh3 Qxf3 25. Qd3 Qf4 26. Kg2 h5 27. Qe3 g6
28. Qxf4 exf4 29. Ne2 Nxe4 30. Nxf4 b5 31. Ne2 bxc4 32. bxc4 Rxc4 33. Rxc4 Rxc4
34. Rd4 Rxd4 35. Nxd4 Nc3 36. Kf3 Nxd5 37. Nc2 Nf6 38. Kf4 Kg7 39. h4 Nd5+ 40.
Ke4 Nc7 41. Kd4 Kf6 42. Ke4 d5+ 43. Kf4 Ne6+ 44. Kg3 Ke5 45. f3 d4 46. Kf2 Nf4
47. Ne1 Kd5 48. Kg3 Ne2+ 49. Kf2 Nc1 50. Kf1 Kc4 51. Kg2 Nd3 52. Nc2 Nxb4 53.
Na3+ Kb3 54. Nb1 d3 55. Nd2+ Kc2 56. Nf1 d2 57. Nxd2 Kxd2 58. Kg3 a5 59. Kf4 a4
60. Kg5 Nd5 61. f4 a3 62. f5 a2 63. fxg6 fxg6 64. Kxg6 a1=Q 65. Kxh5 Qf6 66. Kg4
Ke3 67. h5 Qf4+ 68. Kh3 Kf3 69. h6 Qg3# 0-1

[Event "ch-FRA Blitz Online Qual"]
[Site "Europe-Chess INT"]
[Date "2020.05.16"]
[Round "2"]
[White "Migot, Tangi"]
[Black "Ghazaryan, Gurgen"]
[Result "1-0"]
[WhiteTitle "IM"]
[WhiteElo "2351"]
[BlackElo "1403"]
[WhiteFideId "662445"]
[BlackFideId "45137609"]
[EventDate "2020.05.16"]

1. e4 c5 2. Nf3 d6 3. Bb5+ Bd7 4. Bxd7+ Qxd7 5. O-O Nf6 6. Qe2 g6 7. Rd1 Bg7 8.
c3 Nc6 9. d4 cxd4 10. cxd4 O-O 11. Nc3 Qc7 12. Bg5 a6 13. Rac1 Rac8 14. Nd5 Qb8
15. Bxf6 exf6 16. Nb6 Rc7 17. d5 Ne5 18. a4 Nd7 19. Nxd7 Rxd7 20. Rc2 Rc8 21.
Rdc1 Rdc7 22. h3 Bh6 23. Rxc7 Rxc7 24. Rxc7 Qxc7 25. g4 Bf4 26. b3 Qc3 27. Qd1
Be5 28. Kg2 Qb4 29. Qd3 b5 30. axb5 axb5 31. Nd2 Kg7 32. Nf1 Bc3 33. Qc2 Be5 34.
Ne3 Bd4 35. Nf1 Be5 36. Nd2 Bf4 37. Nf3 Be5 38. h4 h6 39. h5 g5 40. Nd2 Bf4 41.
Nf3 Be5 42. Qd3 Qc5 43. Ne1 b4 44. Nc2 Bc3 45. Ne3 Be5 46. Qc4 Qxc4 47. Nxc4 Kf8
48. Kf3 Ke7 49. Ne3 Kf8 50. Nf5 Kg8 51. Nxh6+ Kg7 52. Nf5+ Kh7 53. Ke2 Bf4 54.
Kd3 Be5 55. f3 Bc3 56. Kc4 Kg8 57. Nxd6 Bd2 58. Nf5 Kh7 59. d6 Bf4 60. Kxb4 Kg8
61. Kc5 Kh7 62. Kc6 Be5 63. d7 Bd4 64. d8=Q Bc5 65. Qxf6 Bf8 66. Qxf7+ Kh8 67.
Qxf8+ Kh7 68. Qg7# 1-0

[Event "ch-FRA Blitz Online Qual"]
[Site "Europe-Chess INT"]
[Date "2020.05.16"]
[Round "2"]
[White "Schweitzer, Adrien"]
[Black "Farthouat, Titoine"]
[Result "1-0"]
[WhiteElo "2086"]
[BlackElo "1652"]
[WhiteFideId "628220"]
[BlackFideId "36015660"]
[EventDate "2020.05.16"]

1. d4 Nf6 2. c4 e6 3. g3 Bb4+ 4. Bd2 Bxd2+ 5. Nxd2 O-O 6. Ngf3 b6 7. Qc2 Bb7 8.
e4 d5 9. cxd5 exd5 10. e5 Ne4 11. Bd3 Nxd2 12. Qxd2 Re8 13. O-O f6 14. Qf4 fxe5
15. Nxe5 Rf8 16. Qg4 Bc8 17. Qh5 g6 18. Nxg6 Rf7 19. Ne5 Rg7 20. Rae1 Nd7 21.
Nc6 Qf8 22. Qxd5+ Qf7 23. Re8+ Nf8 24. Ne7+ Kh8 25. Qxf7 Rxf7 26. Rxc8 Rxc8 27.
Nxc8 Rd7 28. Nxa7 Rxd4 29. Rd1 Ra4 30. Nb5 Rxa2 31. Rd2 Ra1+ 32. Kg2 Ra8 33.
Nxc7 Rc8 34. Nd5 Ne6 35. Ne7 Rc7 36. Nd5 Rb7 37. f4 Nc5 38. Bc2 b5 39. b4 Ne6
40. f5 Ng5 41. h4 Nf7 42. f6 Nd6 43. Ne7 Nc4 44. Rd8# 1-0

[Event "ch-FRA Blitz Online Qual"]
[Site "Europe-Chess INT"]
[Date "2020.05.16"]
[Round "2"]
[White "Ninin, Gabriel"]
[Black "Bourgeois, Florian"]
[Result "0-1"]
[WhiteElo "1426"]
[BlackElo "2033"]
[WhiteFideId "45169756"]
[BlackFideId "690660"]
[EventDate "2020.05.16"]

1. e4 g6 2. d4 Bg7 3. Be3 b6 4. Nc3 Bb7 5. f3 d6 6. Qd2 Nd7 7. Bc4 e6 8. Nge2
Ne7 9. Bh6 O-O 10. h4 d5 11. Bd3 c5 12. Bb5 a6 13. Bxd7 Qxd7 14. h5 dxe4 15.
hxg6 fxg6 16. fxe4 Nc6 17. O-O-O cxd4 18. Bxg7 Qxg7 19. Rh4 dxc3 20. Nxc3 Rad8
21. Nd5 exd5 22. Rdh1 dxe4 23. Qg5 Nd4 24. Rxh7 Qxh7 25. Rxh7 Ne2+ 26. Kb1 Rf1+
27. Qc1 Rxc1# 0-1

[Event "ch-FRA Blitz Online Qual"]
[Site "Europe-Chess INT"]
[Date "2020.05.16"]
[Round "2"]
[White "Ciccoli, Theo"]
[Black "Kosciusko-Morizet, Antoine"]
[Result "1-0"]
[WhiteElo "2178"]
[BlackElo "1293"]
[WhiteFideId "26053780"]
[BlackFideId "45166749"]
[EventDate "2020.05.16"]

1. d4 e6 2. Nf3 Nf6 3. e3 c5 4. Bd3 Nc6 5. O-O Qb6 6. c3 d5 7. Nbd2 Bd6 8. dxc5
Bxc5 9. Nb3 Bd6 10. c4 O-O 11. Bd2 Qc7 12. Rc1 Ne4 13. cxd5 exd5 14. Nbd4 Bg4
15. h3 Nxd2 16. Qxd2 Bxf3 17. Nxf3 Rac8 18. Bf5 Rb8 19. Qxd5 Qe7 20. Rfd1 Rfd8
21. Qb3 Ne5 22. Nd4 Bc5 23. Qb5 Bb6 24. Be4 Qf6 25. Nf3 Nxf3+ 26. Bxf3 Rxd1+ 27.
Rxd1 a6 28. Qb4 h6 29. Rd7 Qe6 30. Rd6 Qxa2 31. Rxb6 Qb1+ 32. Kh2 Rf8 33. Rxb7
Qa2 34. Rb8 Rxb8 35. Qxb8+ Kh7 36. Be4+ g6 37. Qb4 Kg7 38. Qc3+ Kg8 39. Qc6 a5
40. Bd5 Kg7 41. Bxa2 a4 42. Qxa4 f5 43. Qd4+ Kf8 44. Qd6+ Kg7 45. Qe7+ Kh8 46.
Qf8+ Kh7 47. Qg8# 1-0

[Event "ch-FRA Blitz Online Qual"]
[Site "Europe-Chess INT"]
[Date "2020.05.16"]
[Round "2"]
[White "Barbaggi, Sasha"]
[Black "Maccagnan, Tomas"]
[Result "0-1"]
[WhiteElo "1375"]
[BlackElo "1968"]
[WhiteFideId "551018780"]
[BlackFideId "26091763"]
[EventDate "2020.05.16"]

1. e4 e6 2. d4 d5 3. exd5 exd5 4. Nc3 Nf6 5. g3 c6 6. Bg2 Bd6 7. Nge2 Bg4 8. O-O
Qd7 9. f3 Bh3 10. Bg5 Bxg2 11. Kxg2 O-O 12. Bxf6 gxf6 13. Qd3 Kh8 14. Qe3 Rg8
15. Qh6 Rg6 16. Qh4 Qf5 17. Rfe1 Nd7 18. Qh3 Qxh3+ 19. Kxh3 Rag8 20. Rg1 f5 21.
f4 Nf6 22. Rae1 Ng4 23. Nc1 Rh6+ 24. Kg2 Rxh2+ 25. Kf3 Rf2# 0-1

[Event "ch-FRA Blitz Online Qual"]
[Site "Europe-Chess INT"]
[Date "2020.05.16"]
[Round "2"]
[White "Zienkiewicz, Jan"]
[Black "Cornileau, Raphael"]
[Result "1-0"]
[WhiteElo "1914"]
[BlackElo "1397"]
[WhiteFideId "45116768"]
[BlackFideId "45105790"]
[EventDate "2020.05.16"]

1. e4 e5 2. Nf3 Nc6 3. Bc4 Bc5 4. c3 Nf6 5. d3 d6 6. O-O O-O 7. Nbd2 Re8 8. a4
a5 9. h3 h6 10. Re1 Be6 11. Bxe6 Rxe6 12. Nf1 Re8 13. Ng3 Bb6 14. Nf5 Ne7 15.
N3h4 Nxf5 16. Nxf5 Nd7 17. Qg4 Nf6 18. Qxg7# 1-0

[Event "ch-FRA Blitz Online Qual"]
[Site "Europe-Chess INT"]
[Date "2020.05.16"]
[Round "2"]
[White "Joly, Charlotte"]
[Black "Mamedov, Rauf"]
[Result "0-1"]
[BlackTitle "GM"]
[WhiteElo "1454"]
[BlackElo "2654"]
[WhiteFideId "36022292"]
[BlackFideId "13401653"]
[EventDate "2020.05.16"]

1. d4 d5 2. Bf4 c5 3. c3 Nc6 4. Nf3 Nf6 5. e3 Qb6 6. Qc1 g6 7. Be2 Bf5 8. Nbd2
Bg7 9. O-O O-O 10. h3 Rac8 11. b3 Ne4 12. Nxe4 dxe4 13. Nd2 cxd4 14. exd4 Nxd4
15. Be3 Nxe2+ 16. Kh1 Qe6 17. Qd1 Nxc3 18. Qe1 Bxh3 19. gxh3 Qxh3+ 20. Kg1 Be5
21. f4 exf3 22. Nxf3 Bg3 23. Bf2 Bxf2+ 24. Qxf2 Ne4 25. Qg2 Qxg2+ 26. Kxg2 Rc2+
27. Kg1 Rd8 28. Ne5 Rdd2 29. Nxf7 Rg2+ 30. Kh1 Ng3# 0-1

[Event "ch-FRA Blitz Online Qual"]
[Site "Europe-Chess INT"]
[Date "2020.05.16"]
[Round "2"]
[White "Chevillon, Celia"]
[Black "Barseghyan, Harutyun"]
[Result "0-1"]
[BlackTitle "IM"]
[WhiteElo "1433"]
[BlackElo "2463"]
[WhiteFideId "45107459"]
[BlackFideId "13304585"]
[EventDate "2020.05.16"]

1. e4 e6 2. d4 d5 3. Nd2 h6 4. Bd3 Nf6 5. e5 Nfd7 6. Ne2 c5 7. c3 Nc6 8. Nf3 Be7
9. O-O g5 10. Ng3 h5 11. Be3 h4 12. Ne2 g4 13. Ne1 Qb6 14. Qb3 c4 15. Qxb6 axb6
16. Bc2 b5 17. b3 b4 18. bxc4 dxc4 19. Bd2 b3 20. Bb1 b2 21. Nc2 Nb6 22. a4
bxa1=Q 23. Nxa1 Rxa4 24. Be4 Nd5 25. Nc2 Na5 26. Ne3 Ra2 27. Rd1 Nxe3 28. fxe3
Bd7 29. Nf4 Ba4 30. Rb1 Rxd2 31. Bxb7 Rd1+ 32. Rxd1 Bxd1 33. Kf2 Nxb7 34. e4 Bc2
35. d5 Bg5 36. Ne2 Bxe4 37. d6 f6 38. exf6 Bxf6 39. d7+ Kxd7 40. g3 hxg3+ 41.
hxg3 Rh2+ 42. Ke3 Rxe2+ 43. Kxe2 Bxc3 44. Kd1 Bf5 45. Kc1 Be5 46. Kd2 Bxg3 47.
Kd1 Bd6 48. Kd2 Kc6 49. Ke2 Kd5 50. Kd2 Nc5 51. Ke2 g3 52. Kf1 c3 53. Kg2 c2 54.
Kf3 c1=Q 55. Ke2 Qb2+ 56. Kf3 Qf2# 0-1

[Event "ch-FRA Blitz Online Qual"]
[Site "Europe-Chess INT"]
[Date "2020.05.16"]
[Round "2"]
[White "Monmaille, Eric"]
[Black "Saada, Julien"]
[Result "0-1"]
[BlackTitle "FM"]
[WhiteElo "1400"]
[BlackElo "2250"]
[WhiteFideId "26064529"]
[BlackFideId "625388"]
[EventDate "2020.05.16"]

1. e4 c6 2. Nc3 d5 3. exd5 cxd5 4. Bb5+ Nc6 5. Qf3 Nf6 6. d4 Bg4 7. Bxc6+ bxc6
8. Qd3 e6 9. Bg5 Bf5 10. Qd2 Qb6 11. Rb1 Bb4 12. Nf3 Ne4 13. Qc1 Nxc3 14. bxc3
Bxc3+ 15. Bd2 Qa5 16. O-O Bxd2 17. Nxd2 O-O 18. Nf3 Qxa2 19. Rb7 Qxc2 20. Qg5 h6
21. Qg3 c5 22. dxc5 Qxc5 23. Ne5 Qd6 24. Nd7 Qxg3 25. fxg3 Rfd8 26. Nc5 Rdb8 27.
Rfb1 Rxb7 28. Rxb7 a5 29. Rb2 d4 30. Kf2 a4 31. Ra2 a3 32. Ke2 Bb1 33. Rb2 axb2
34. Kd2 Bf5 0-1

[Event "ch-FRA Blitz Online Qual"]
[Site "Europe-Chess INT"]
[Date "2020.05.16"]
[Round "2"]
[White "Weber, Richard"]
[Black "Durand-Le Ludec, Brendan-Budok"]
[Result "0-1"]
[WhiteElo "1463"]
[BlackElo "2205"]
[WhiteFideId "644382"]
[BlackFideId "26064340"]
[EventDate "2020.05.16"]

1. d4 Nf6 2. Nc3 d5 3. Bf4 c6 4. e3 g6 5. a3 Bg7 6. Nf3 Bg4 7. Be2 O-O 8. O-O
Nbd7 9. h3 Bxf3 10. Bxf3 Re8 11. Re1 e5 12. dxe5 Nxe5 13. Bxe5 Rxe5 14. Qd2 Qe7
15. Rad1 h5 16. g3 h4 17. g4 Nh7 18. Bg2 Re8 19. e4 dxe4 20. Rxe4 Rxe4 21. Nxe4
Bxb2 22. Qd3 Be5 23. Qc4 Rd8 24. Rxd8+ Qxd8 25. a4 Qd1+ 26. Bf1 Qd5 27. Qd3 Qxd3
28. Bxd3 Nf8 29. f3 Ne6 30. Kf1 Nf4 31. Nf2 Bd4 32. c4 Bxf2 33. Kxf2 Nxd3+ 0-1

[Event "ch-FRA Blitz Online Qual"]
[Site "Europe-Chess INT"]
[Date "2020.05.16"]
[Round "2"]
[White "Janon, Nicolas"]
[Black "De Seroux, Camille"]
[Result "0-1"]
[BlackTitle "WIM"]
[WhiteElo "1392"]
[BlackElo "2137"]
[WhiteFideId "36039136"]
[BlackFideId "1305620"]
[EventDate "2020.05.16"]

1. e4 c5 2. Nf3 Nc6 3. d4 cxd4 4. Nxd4 Nf6 5. Nxc6 bxc6 6. Bd3 d6 7. O-O g6 8.
Nc3 Bg7 9. Be3 O-O 10. Qe2 Ng4 11. h3 Nxe3 12. Qxe3 Rb8 13. Rab1 Qa5 14. a3 Be6
15. Qc1 Bxc3 16. bxc3 Qxc3 17. Rxb8 Rxb8 18. Rd1 c5 19. Re1 Rb2 20. Re3 Qxa3 21.
Bc4 Qb4 22. Bxe6 Rb1 23. Bxf7+ Kxf7 24. Rf3+ Kg7 25. Qxb1 Qxb1+ 26. Kh2 Qxc2 27.
h4 Qxe4 28. Kh3 e5 29. h5 c4 30. hxg6 hxg6 31. Rg3 d5 32. f3 Qf5+ 33. Rg4 c3 34.
Kg3 c2 35. f4 c1=Q 36. fxe5 Qe3+ 37. Kh4 Qexe5 38. Kh3 Qe3+ 39. g3 Qh5+ 40. Kg2
Qxg4 0-1